Кишечная и нутритивная недостаточность у пациентов геронтологического возраста с заболеваниями суставов на фоне сахарного диабета II типа при операциях эндопротезирования (Запись № 13464772)

Подробности
000 -МАРКЕР
контрольное поле 03247nam0a2200409 4500
001 - ИДЕНТИФИКАТОР ЗАПИСИ
контрольное поле RU\NLR\BIBL_A\022598556
005 - ИДЕНТИФИКАТОР ВЕРСИИ
контрольное поле 20251120101750.0
010 ## - МЕЖДУНАРОДНЫЙ СТАНДАРТНЫЙ НОМЕР КНИГИ (ISBN)
Номер (ISBN) 978-5-6054215-1-1
Тираж 100
021 ## - НОМЕР ГОСУДАРСТВЕННОЙ РЕГИСТРАЦИИ
Код страны Российская Федерация
Номер КН-П-25-035388
Номер Листа государственной регистраци КН-П-25-3488
035 ## - ДРУГИЕ СИСТЕМНЫЕ НОМЕРА
Идентификатор записи (NLR Aleph) 022598556
100 ## - ДАННЫЕ ОБЩЕЙ ОБРАБОТКИ
Данные общей обработки 20250808d2025 u y0rusy50 ca
101 0# - ЯЗЫК РЕСУРСА
Язык текста, звукозаписи и т.д. русский
102 ## - СТРАНА ПУБЛИКАЦИИ ИЛИ ПРОИЗВОДСТВА
Страна публикации Российская Федерация
105 ## - ПОЛЕ КОДИРОВАННЫХ ДАННЫХ: ТЕКСТОВЫЕ МАТЕРИАЛЫ, МОНОГРАФИЧЕСКИЕ
Кодированные данные о монографическом текстовом документе a|||j|||000yy
181 #0 - ПОЛЕ КОДИРОВАННЫХ ДАННЫХ: ВИД СОДЕРЖАНИЯ
Код вида содержания (ISBD) i3
Код характеристики содержания (ISBD) axxe
182 #0 - ПОЛЕ КОДИРОВАННЫХ ДАННЫХ: ТИП СРЕДСТВА
Код типа средства (ISBD) n - непосредственное
200 1# - ЗАГЛАВИЕ И СВЕДЕНИЯ ОБ ОТВЕТСТВЕННОСТИ
Основное заглавие Кишечная и нутритивная недостаточность у пациентов геронтологического возраста с заболеваниями суставов на фоне сахарного диабета II типа при операциях эндопротезирования
Сведения, относящиеся к заглавию учебное пособие
Первые сведения об ответственности С. И. Кирилина, Е. Ю. Иванова, В. М. Прохоренко, А. Ф. Гусев
Последующие сведения об ответственности Федеральное государственное бюджетное учреждение "Новосибирский научно-исследовательский институт травматологии и ортопедии имени Я. Л. Цивьяна" Министерства здравоохранения Российской Федерации
203 ## - ВИД СОДЕРЖАНИЯ И ТИП СРЕДСТВА
Вид содержания Текст
Дополнительные сведения об издании визуальный
Тип средства непосредственный
210 ## - ПУБЛИКАЦИЯ, РАСПРОСТРАНЕНИЕ И ДР.
Место издания, распространения и т.д. Новосибирск
Имя издателя, распространителя и т. д. ННИИТО
Дата издания, распространения и т.д. 2025
215 ## - ФИЗИЧЕСКАЯ ХАРАКТЕРИСТИКА
Специфическое обозначение материала и объем 31 с.
Другие сведения о физической характеристике цв. ил., табл.
Размеры 21
300 ## - ОБЩИЕ ПРИМЕЧАНИЯ
Текст примечания На обороте тит. с. авт.: Кирилина С. И., д-р мед. наук, Иванова Е. Ю., врач анестезиолог-реаниматолог, Прохоренко В. М., д-р мед. наук, проф., Гусев А. Ф., канд. мед. наук
320 ## - ПРИМЕЧАНИЯ О НАЛИЧИИ В ДОКУМЕНТЕ БИБЛИОГРАФИИ / УКАЗАТЕЛЯ
Текст примечания Библиогр.: с. 25-27 (16 назв.)
606 1# - НАИМЕНОВАНИЕ ТЕМЫ КАК ПРЕДМЕТ
Наименование темы Кишечник пожилых и старых людей
Тематический подзаголовок Патология при эндопротезировании тазобедренного сустава
-- Роль сахарного диабета
Формальный подзаголовок Учебные издания
Код системы nlr_sh2
Идентификатор авторитетной/нормативной записи RU\NLR\AUTH\6601761450
606 1# - НАИМЕНОВАНИЕ ТЕМЫ КАК ПРЕДМЕТ
Наименование темы Пожилые и старые люди
Тематический подзаголовок Питание
-- Нарушения при эндопротезировании тазобедренного сустава
-- Роль сахарного диабета
Формальный подзаголовок Учебные издания
Код системы nlr_sh2
Идентификатор авторитетной/нормативной записи RU\NLR\AUTH\6601761452
686 1# - ИНДЕКСЫ ДРУГИХ КЛАССИФИКАЦИЙ
Индекс Р457.845.1-99я77
686 1# - ИНДЕКСЫ ДРУГИХ КЛАССИФИКАЦИЙ
Индекс Р415.160.23-7я77
686 1# - ИНДЕКСЫ ДРУГИХ КЛАССИФИКАЦИЙ
Индекс Р415.202.2-37я77
686 1# - ИНДЕКСЫ ДРУГИХ КЛАССИФИКАЦИЙ
Индекс Р413.302-37я77
701 #1 - ИМЯ ЛИЦА - АЛЬТЕРНАТИВНАЯ ОТВЕТСТВЕННОСТЬ
Начальный элемент ввода Кирилина
Часть имени, кроме начального элемента ввода С. И.
Расширение инициалов личного имени Светлана Ивановна
701 #1 - ИМЯ ЛИЦА - АЛЬТЕРНАТИВНАЯ ОТВЕТСТВЕННОСТЬ
Начальный элемент ввода Иванова
Часть имени, кроме начального элемента ввода Е. Ю.
Дополнения к именам, кроме дат анестезиолог-реаниматолог
Расширение инициалов личного имени Елена Юрьевна
Идентификатор авторитетной/нормативной записи RU\NLR\AUTH\770285247
701 #1 - ИМЯ ЛИЦА - АЛЬТЕРНАТИВНАЯ ОТВЕТСТВЕННОСТЬ
Начальный элемент ввода Прохоренко
Часть имени, кроме начального элемента ввода В. М.
Расширение инициалов личного имени Валерий Михайлович
Идентификатор авторитетной/нормативной записи RU\NLR\AUTH\7795624
701 #1 - ИМЯ ЛИЦА - АЛЬТЕРНАТИВНАЯ ОТВЕТСТВЕННОСТЬ
Начальный элемент ввода Гусев
Часть имени, кроме начального элемента ввода А. Ф.
Дополнения к именам, кроме дат канд. мед. наук, медицина катастроф
Расширение инициалов личного имени Аркадий Фёдорович
Идентификатор авторитетной/нормативной записи RU\NLR\AUTH\770245726
942 ## - ДОПОЛНИТЕЛЬНЫЕ ЭЛЕМЕНТЫ ЗАПИСИ (АБИС)
Тип экземпляра АБИС Книга
980 ## - КОЛЛЕКЦИЯ
Название коллекции Национальная библиография

Нет доступных экземпляров.